Elements of the theory of computation (Record no. 5326)

MARC details
000 -LEADER
fixed length control field 00457nam a2200181Ia 4500
003 - CONTROL NUMBER IDENTIFIER
control field SGT
020 ## - INTERNATIONAL STANDARD BOOK NUMBER
International Standard Book Number 9788120322332
082 ## - DEWEY DECIMAL CLASSIFICATION NUMBER
Classification number 511.3
Item number LEW
100 ## - MAIN ENTRY--PERSONAL NAME
Personal name Lewis,H.R
245 ## - TITLE STATEMENT
Title Elements of the theory of computation
250 ## - EDITION STATEMENT
Edition statement 2nd Ed.
260 ## - PUBLICATION, DISTRIBUTION, ETC. (IMPRINT)
Name of publisher, distributor, etc PHI Learning Private Limited
Place of publication, distribution, etc New Delhi
Year of Publication 1998
300 ## - PAGE DESCRIPTION
No. of Pages 361p.
650 ## - SUBJECT ADDED ENTRY--TOPICAL TERM
Topical term or geographic name as entry element MATHEMATICS
653 ## - KEYWORDS--INDEX TERM
Keyword term RELATION AND LANGUAGES, FINITE AUTOMATA
700 ## - ADDED ENTRY--PERSONAL NAME
Personal name Papadimitriou,C.H
942 ## - ADDED ENTRY ELEMENTS (KOHA)
Source of classification or shelving scheme Dewey Decimal Classification
Koha item type Books
Holdings
Withdrawn status Lost status Source of classification or shelving scheme Damaged status Not for loan Home library Current library Date acquired SGTU Total Checkouts Full call number Accession No. (Barcode) Date last seen Bill Date Koha item type
    Dewey Decimal Classification     SGT Engineering Library SGT Engineering Library 24/09/2011 SGTU   511.3 LEW FE4009 09/02/2015 09/02/2015 Books
    Dewey Decimal Classification     SGT Engineering Library SGT Engineering Library 24/09/2011 SGTU   511.3 LEW FE4010 09/02/2015 09/02/2015 Books
    Dewey Decimal Classification     SGT Engineering Library SGT Engineering Library 24/09/2011 SGTU   511.3 LEW FE4011 09/02/2015 09/02/2015 Books
    Dewey Decimal Classification     SGT Engineering Library SGT Engineering Library 24/09/2011 SGTU   511.3 LEW FE4012 09/02/2015 09/02/2015 Books
    Dewey Decimal Classification     SGT Engineering Library SGT Engineering Library 24/09/2011 SGTU   511.3 LEW FE4013 09/02/2015 09/02/2015 Books